Small bowel motility changes in patients with liver cirrhosis and small bowel schistosomiasis before and after treatment with trimebutine / (Record no. 179195)

MARC details
000 -LEADER
fixed length control field 01660namaa22003251i 4500
005 - أخر تعامل مع التسجيلة
control field 20260405124306.0
008 - FIXED-LENGTH DATA ELEMENTS--GENERAL INFORMATION
fixed length control field 260405s1995 u a|||fr|m|| 000 0 eng d
040 ## - CATALOGING SOURCE
Original cataloguing agency EG-GICUC
Language of cataloging eng
Transcribing agency EG-GICUC
Modifying agency EG-GICUC
Description conventions rda
041 0# - LANGUAGE CODE
Language code of text/sound track or separate title eng
Language code of summary or abstract eng
-- ara
049 ## - Acquisition Source
Acquisition Source Deposit
097 ## - Degree
Degree M.Sc
099 ## - LOCAL FREE-TEXT CALL NUMBER (OCLC)
Local Call Number Cai01.11.31.M.Sc.1995.Ha.S
100 0# - MAIN ENTRY--PERSONAL NAME
Authority record control number or standard number Hatem Mohamed Said El Azizy ,
Preparation preparation.
245 10 - TITLE STATEMENT
Title Small bowel motility changes in patients with liver cirrhosis and small bowel schistosomiasis before and after treatment with trimebutine /
Statement of responsibility, etc. By Hatem Mohamed Said El Azizy , Supervised . Prof.Dr. Yehia Ahmed Ali , Prof.Dr. Foad Thakeb , Dr. Nagui Mohamed Abd El Wahab ,
246 15 - VARYING FORM OF TITLE
Title proper/short title تغيرات فى حركة الامعاء الدقيقة فى حالات تليف الكبد وبلهارسيا الامعاء الدقيقة قبل وبعد العلاج بعقار الترايميبيوتين
264 #0 - PRODUCTION, PUBLICATION, DISTRIBUTION, MANUFACTURE, AND COPYRIGHT NOTICE
Date of production, publication, distribution, manufacture, or copyright notice 1995
300 ## - PHYSICAL DESCRIPTION
Extent 151 Leaves :
Other physical details illustrations ;
Dimensions 30 cm. +
336 ## - CONTENT TYPE
Source rda content
Content type term text
337 ## - MEDIA TYPE
Source rdamedia
Media type term Unmediated
338 ## - CARRIER TYPE
Source rdacarrier
Carrier type term volume
502 ## - DISSERTATION NOTE
Dissertation note Thesis (M.Sc.)-Cairo University, 1995
504 ## - BIBLIOGRAPHY, ETC. NOTE
Bibliography, etc. note Bibliography: pages 136 : 151
653 #0 - INDEX TERM--UNCONTROLLED
Uncontrolled term cirrhosis and small bowel schistosomiasis before and after treatment with trimebutine
700 0# - ADDED ENTRY--PERSONAL NAME
Personal name Yehia Ahmed Ali
Relator term thesis advisor.
700 0# - ADDED ENTRY--PERSONAL NAME
Personal name Foad Thakeb
Relator term thesis advisor.
700 0# - ADDED ENTRY--PERSONAL NAME
Personal name Nagui Mohamed Abd El Wahab
Relator term thesis advisor.
900 ## - Thesis Information
Department Department of Radiodiagnosis
Faculties Faculty of Medicine
Universities Cairo University
Grant date 1995
Supervisory body Yehia Ahmed Ali
-- Foad Thakeb
-- Nagui Mohamed Abd El Wahab
Discussion body Yehia Ahmed Ali
905 ## - Cataloger and Reviser Names
Cataloger Name Nagat Ghanem
942 ## - ADDED ENTRY ELEMENTS (KOHA)
Source of classification or shelving scheme Dewey Decimal Classification
Koha item type Thesis
Edition 21
Suppress in OPAC No
Holdings
Source of classification or shelving scheme Home library Current library Date acquired Inventory number Full call number Barcode Date last seen Effective from Koha item type
Dewey Decimal Classification المكتبة المركزبة الجديدة - جامعة القاهرة مكتبة المئوية 05.04.2026 26663 Cai01.11.31.M.Sc.1995.Ha.S 01010110026663000 05.04.2026 05.04.2026 Thesis
Cairo University Libraries Portal Implemented & Customized by: Eng. M. Mohamady Contacts: new-lib@cl.cu.edu.eg | cnul@cl.cu.edu.eg
CUCL logo CNUL logo
© All rights reserved — Cairo University Libraries
CUCL logo
Implemented & Customized by: Eng. M. Mohamady Contact: new-lib@cl.cu.edu.eg © All rights reserved — New Central Library
CNUL logo
Implemented & Customized by: Eng. M. Mohamady Contact: cnul@cl.cu.edu.eg © All rights reserved — Cairo National University Library